000 00979nam a22002295i 4500
001 48439
003 ES-MaACL
005 20230906161743.0
007 t|
008 950719s1855 sp ||||1| spa d
080 _a347.218.2(460):630
080 _a348.73(460):630
110 2 _aEspaña.
_bMinisterio de Fomento.
_93868
245 1 0 _aReal decreto de 26 de octubre de 1855 para la ejecución de la ley de 1º de mayo del mismo año en la parte relativa a la desamortización de los montes
_b: y el informe remitido con este objeto por la junta facultativa del Cuerpo de Ingenieros del ramo.
260 _aMadrid :
_b[s.n.],
_c1855 (
_fImprenta del Colegio de Sordo-Mudos)
300 _a104, [1] p. ;
_c25 cm.
650 4 _aMontes-
_xDesamortización.
_9136533
650 4 _aMontes públicos-
_zEspaña.
_9143761
650 4 _aDesamortización-
_zEspaña-
_vLegislación.
_9143793
710 2 _aCuerpo Nacional de Ingenieros de Montes.
_9143756
852 4 _aES-MaACL
_jT-1289-F-12
999 _c48439
_d48439